[Event "Cappelle-la-Grande 2014"]
[Site "Cappelle-la-Grande (FRA)"]
[Date "????.??.??"]
[Round "3.81"]
[White "Berkovich, Mark A"]
[Black "Cesar, Geovanny"]
[Result "1-0"]
[WhiteElo "2334"]
[BlackElo "2008"]
[PlyCount "63"]

1. Nf3 g6 2. e4 Bg7 3. d4 e6 4. Nc3 Nc6 5. d5 Ne5 6. Nd4 f5 7. f4 Nf7 8. e5 Ne7
9. dxe6 dxe6 10. Bc4 Nd5 11. Nxe6 Bxe6 12. Bxd5 Bxd5 13. Qxd5 Qxd5 14. Nxd5
O-O-O 15. Nc3 h5 16. h4 Rhe8 17. Be3 Nh6 18. Rd1 Ng4 19. Rxd8+ Rxd8 20. Ke2 Bf8
21. Rd1 Re8 22. Rd3 a6 23. Nd5 Re6 24. a4 Bh6 25. g3 a5 26. Rc3 c6 27. Nb6+ Kb8
28. Nc4 Bf8 29. Bb6 Bb4 30. Rd3 Re8 31. Rd8+ Rxd8 32. Bxd8 1-0

[Event "Cappelle-la-Grande 2014"]
[Site "Cappelle-la-Grande (FRA)"]
[Date "????.??.??"]
[Round "3.82"]
[White "Schmit, Vincent"]
[Black "Jessel, Stephen"]
[Result "1-0"]
[WhiteElo "2106"]
[BlackElo "2334"]
[PlyCount "65"]

1. e4 e6 2. d4 d5 3. exd5 exd5 4. Bd3 Nf6 5. h3 Bd6 6. Qf3 h6 7. Ne2 c6 8. Bf4
Bxf4 9. Qxf4 O-O 10. Nd2 Re8 11. O-O-O Nbd7 12. g4 Nf8 13. Rdg1 Ne6 14. Qg3 Ne4
15. Bxe4 dxe4 16. Qe3 b6 17. g5 hxg5 18. h4 g4 19. Rxg4 Ba6 20. c4 f5 21. Rg6
Kf7 22. Rhg1 Rg8 23. Qh3 Qd7 24. Qxf5+ Ke7 25. Nf4 Raf8 26. Rxe6+ Kd8 27. Qe5
Kc8 28. Rgg6 Bb7 29. Nxe4 Qc7 30. Qxc7+ Kxc7 31. Re7+ Kb8 32. Ne6 Re8 33. Rxb7+
1-0

[Event "Cappelle-la-Grande 2014"]
[Site "Cappelle-la-Grande (FRA)"]
[Date "????.??.??"]
[Round "3.83"]
[White "Kostiuk, Tatiana"]
[Black "Coulon, Guillaume"]
[Result "1/2-1/2"]
[WhiteElo "2333"]
[BlackElo "2006"]
[PlyCount "106"]

1. d4 Nf6 2. Nf3 g6 3. g3 Bg7 4. Bg2 O-O 5. c4 d6 6. Nc3 Nc6 7. O-O Bf5 8. d5
Na5 9. Nd4 Bd7 10. b3 c5 11. Nc2 a6 12. Bb2 b5 13. Qd3 bxc4 14. bxc4 Rb8 15.
Rab1 Qc7 16. h3 e5 17. dxe6 Bxe6 18. Ne3 Rb4 19. Ned5 Bxd5 20. Nxd5 Nxd5 21.
Bxg7 Kxg7 22. Bxd5 Rfb8 23. Qc3+ Kg8 24. Rbd1 Nc6 25. Rd2 Rb1 26. Rdd1 R1b2 27.
Rd2 Rb1 28. Rxb1 Rxb1+ 29. Kh2 Nd4 30. e3 Ne6 31. f4 Ng7 32. Qf6 Ne8 33. Qc3
Ng7 34. Be4 Rb6 35. Bd5 Nf5 36. g4 Ne7 37. Bf3 Rb4 38. Qd3 Nc8 39. Kg3 Kf8 40.
Qc3 Kg8 41. a3 Rb6 42. Kg2 Qe7 43. Bd5 Rb1 44. f5 Nb6 45. fxg6 hxg6 46. Bf3 Nd7
47. Rf2 Ne5 48. Be4 Rb8 49. Bd5 Qc7 50. Qc2 Kg7 51. Qc3 Kg8 52. Qc2 Kg7 53. Qc3
Kg8 1/2-1/2

[Event "Cappelle-la-Grande 2014"]
[Site "Cappelle-la-Grande (FRA)"]
[Date "????.??.??"]
[Round "3.84"]
[White "Aveline, Philippe"]
[Black "Doluhanova, Evgeniya"]
[Result "0-1"]
[WhiteElo "2100"]
[BlackElo "2331"]
[PlyCount "122"]

1. e4 c5 2. c3 d5 3. exd5 Qxd5 4. d4 Nf6 5. Nf3 e6 6. Be3 cxd4 7. cxd4 Nc6 8.
Nc3 Bb4 9. Be2 O-O 10. O-O Qd6 11. Qc2 a6 12. Rfd1 Ne7 13. Ne5 Ng6 14. Nxg6
hxg6 15. Ne4 Nxe4 16. Qxe4 Qe7 17. h4 f5 18. Qf4 Bd6 19. Qg5 f4 20. Bd2 Qxg5
21. hxg5 Rf5 22. Rac1 Rxg5 23. Kf1 Bd7 24. Bf3 Rb8 25. Re1 Rb5 26. b3 a5 27.
Rc4 Rg5 28. Kg1 Kf7 29. Rc2 a4 30. b4 a3 31. Re4 Rf5 32. Bg4 Rf6 33. Re1 g5 34.
d5 Rd8 35. Bc3 e5 36. Bxd7 Rxd7 37. Bxe5 Bxe5 38. Rxe5 Rb6 39. Rxg5 Rxb4 40. g3
Rb2 41. Rc3 Rxa2 42. Rf5+ Kg6 43. Rxf4 Ra1+ 44. Kg2 a2 45. Ra4 b5 46. Ra6+ Kf5
47. Rc2 Rxd5 48. Rcxa2 Rxa2 49. Rxa2 Ke4 50. Ra7 g5 51. f3+ Kd3 52. Rb7 Kc4 53.
Kh3 b4 54. Kg4 b3 55. f4 gxf4 56. gxf4 Rb5 57. Rc7+ Kd3 58. Rc1 b2 59. Rb1 Kc2
60. Rxb2+ Rxb2 61. f5 Kd3 0-1

[Event "Cappelle-la-Grande 2014"]
[Site "Cappelle-la-Grande (FRA)"]
[Date "????.??.??"]
[Round "3.85"]
[White "Marholev, Dimitar"]
[Black "Lundberg, Roland"]
[Result "1-0"]
[WhiteElo "2326"]
[BlackElo "2000"]
[PlyCount "103"]

1. e4 e5 2. Nf3 Nc6 3. Bb5 a6 4. Ba4 Nf6 5. O-O Bc5 6. c3 b5 7. Bc2 d6 8. d4
Bb6 9. a4 Bb7 10. axb5 axb5 11. Rxa8 Qxa8 12. d5 Ne7 13. Na3 Ba6 14. Bd3 O-O
15. Bg5 Rb8 16. Bxf6 gxf6 17. Nc2 Bc8 18. Nh4 Qa4 19. Qf3 Kg7 20. Ne3 Bd7 21.
Ng4 Ng8 22. Kh1 b4 23. Qg3 Kf8 24. f4 bxc3 25. bxc3 Bc5 26. fxe5 dxe5 27. Qf3
Bxg4 28. Qxg4 Nh6 29. Qh5 Kg7 30. h3 Be3 31. Nf5+ Nxf5 32. Qxf5 Rb6 33. Qg4+
Kf8 34. Qc8+ Kg7 35. Qxc7 Qa3 36. Be2 Qc5 37. Qd7 Rd6 38. Qg4+ Kf8 39. c4 Bf4
40. g3 Bd2 41. h4 Ke7 42. Kg2 Ra6 43. Kh3 Ra3 44. Kg2 Qe3 45. Rb1 Ba5 46. Rb7+
Kf8 47. d6 Rb3 48. Rc7 Rb8 49. c5 Rd8 50. Rxf7+ Kxf7 51. Bc4+ Ke8 52. Qe6+ 1-0

[Event "Cappelle-la-Grande 2014"]
[Site "Cappelle-la-Grande (FRA)"]
[Date "????.??.??"]
[Round "3.86"]
[White "Noguchi, Koji"]
[Black "Valuet, Bertrand"]
[Result "0-1"]
[WhiteElo "2086"]
[BlackElo "2326"]
[PlyCount "96"]

1. c4 e5 2. g3 Nf6 3. Bg2 d5 4. cxd5 Nxd5 5. Nf3 Nc6 6. O-O Nb6 7. d3 Be6 8.
Nbd2 Qd7 9. a3 Bh3 10. b4 f6 11. Bb2 O-O-O 12. b5 Nd4 13. a4 Nxf3+ 14. Nxf3 h5
15. a5 Nd5 16. b6 a6 17. bxc7 Nxc7 18. Bxh3 Qxh3 19. Qa4 Nb5 20. Rfc1+ Kb8 21.
Rc4 Bd6 22. Rac1 Rc8 23. Rxc8+ Rxc8 24. Rc4 Qe6 25. Nd2 Rxc4 26. Qxc4 Qxc4 27.
Nxc4 Bb4 28. Kg2 Kc7 29. f4 exf4 30. gxf4 Nd6 31. Kg3 Be1+ 32. Kh3 Nxc4 33.
dxc4 Kd6 34. Bd4 Bxa5 35. Kh4 Ke6 36. Kxh5 Kf5 37. e3 Be1 38. Bc5 a5 39. Ba3
Bd2 40. Bc5 a4 41. e4+ Kxe4 42. Kg6 Bxf4 43. h4 Bh6 44. h5 f5 45. Bf8 f4 46.
Bxg7 Bxg7 47. Kxg7 f3 48. h6 f2 0-1

[Event "Cappelle-la-Grande 2014"]
[Site "Cappelle-la-Grande (FRA)"]
[Date "????.??.??"]
[Round "3.87"]
[White "Maupin, Valerie"]
[Black "Coenen, Michael"]
[Result "1/2-1/2"]
[WhiteElo "2034"]
[BlackElo "2308"]
[PlyCount "96"]

1. d4 d5 2. c4 dxc4 3. Nf3 Nf6 4. e3 b5 5. a4 c6 6. b3 e6 7. bxc4 bxc4 8. Bxc4
Be7 9. O-O O-O 10. Qe2 a5 11. Ba3 Na6 12. Ne5 Bxa3 13. Nxa3 Qd6 14. Rfc1 Nb4
15. Nd3 Rb8 16. f4 Nfd5 17. Ne5 f6 18. Nf3 Kh8 19. Qd2 Rd8 20. Bf1 Nb6 21. Rc5
Qxc5 22. dxc5 Rxd2 23. Nxd2 Nxa4 24. Nac4 Nxc5 25. Rxa5 Nd7 26. Ra7 Nd5 27. g3
Rb7 28. Ra3 N7b6 29. e4 Ne7 30. Nd6 Rb8 31. Ra7 Bd7 32. e5 Nec8 33. Nxc8 Bxc8
34. Rc7 Bb7 35. Nc4 Nd5 36. Rd7 Ba6 37. Rd6 h5 38. Rxc6 Bxc4 39. Bxc4 Rb1+ 40.
Kf2 Rb2+ 41. Kf3 fxe5 42. fxe5 Rb4 43. Rc8+ Kh7 44. Bxd5 exd5 45. Rd8 Kg6 46.
e6 Re4 47. Rxd5 Rxe6 48. h4 Rf6+ 1/2-1/2

[Event "Cappelle-la-Grande 2014"]
[Site "Cappelle-la-Grande (FRA)"]
[Date "????.??.??"]
[Round "3.88"]
[White "Nanjo, Ryosuke"]
[Black "Hias, Ludovic"]
[Result "1-0"]
[WhiteElo "2307"]
[BlackElo "1997"]
[PlyCount "97"]

1. e4 e6 2. d4 d5 3. Nc3 Nf6 4. e5 Nfd7 5. f4 c5 6. Nf3 Nc6 7. Be3 a6 8. Be2
cxd4 9. Nxd4 Bc5 10. O-O Nxd4 11. Bxd4 Bxd4+ 12. Qxd4 Qb6 13. Qxb6 Nxb6 14. Bd3
g6 15. a4 Bd7 16. a5 Nc8 17. Na4 Bxa4 18. Rxa4 Na7 19. Rb4 Nc6 20. Rxb7 Nxa5
21. Rb6 O-O 22. Ra1 Nc4 23. Bxc4 dxc4 24. Raxa6 Rxa6 25. Rxa6 Rd8 26. Rd6 Rb8
27. Rd4 Rc8 28. Kf2 Kg7 29. Ke3 h5 30. h4 Rc7 31. Kd2 c3+ 32. bxc3 f6 33. exf6+
Kxf6 34. Re4 Rc6 35. g3 Rd6+ 36. Ke2 Rd5 37. c4 Rd6 38. c5 Rd8 39. Rc4 Kf5 40.
c6 Kg4 41. c7 Rc8 42. Kf2 Kf5 43. Kf3 Kf6 44. Ke4 Kf7 45. Kd4 Kf6 46. Rc5 Kf7
47. Rc6 Ke7 48. Kc5 Kd7 49. Kb6 1-0

[Event "Cappelle-la-Grande 2014"]
[Site "Cappelle-la-Grande (FRA)"]
[Date "????.??.??"]
[Round "3.89"]
[White "Tuerlinckx, Ben"]
[Black "Kalinina, Olga"]
[Result "1-0"]
[WhiteElo "2023"]
[BlackElo "2303"]
[PlyCount "119"]

1. e4 c5 2. d4 cxd4 3. c3 d3 4. Bxd3 e6 5. c4 Qc7 6. Nc3 a6 7. Nge2 Nf6 8. O-O
Be7 9. Bf4 d6 10. Rc1 b6 11. Bb1 Bb7 12. h3 Nbd7 13. Be3 O-O 14. f4 Rac8 15. f5
Qb8 16. fxe6 fxe6 17. Nf4 Rxc4 18. Nxe6 Re8 19. a3 Kh8 20. Ba2 Rcc8 21. Nd5
Rxc1 22. Qxc1 Bxd5 23. exd5 b5 24. Bd4 Ne5 25. Qg5 Rg8 26. Bb1 Qe8 27. Bxe5
dxe5 28. Qxe5 Qd7 29. Kh1 Bd6 30. Qf5 Bb8 31. Ng5 Rf8 32. Qxd7 Nxd7 33. Nf7+
Kg8 34. d6 Bxd6 35. Ba2 Bb8 36. Rf3 Nf6 37. g4 h6 38. h4 Kh7 39. g5 Ng4 40.
gxh6 gxh6 41. Ng5+ hxg5 42. Rxf8 Be5 43. hxg5 Bxb2 44. Bb1+ Kg7 45. Ra8 Bxa3
46. Ra7+ Kf8 47. Rxa6 b4 48. Kg2 Bb2 49. Kf3 Ne5+ 50. Ke4 Nf7 51. Kf5 Bc1 52.
g6 Nh6+ 53. Ke6 Be3 54. Ra4 Bd2 55. Ra2 Bc3 56. Ra8+ Kg7 57. Ra7+ Kf8 58. Ba2
Bd4 59. Rb7 Bc3 60. Rh7 1-0

[Event "Cappelle-la-Grande 2014"]
[Site "Cappelle-la-Grande (FRA)"]
[Date "????.??.??"]
[Round "3.90"]
[White "Janik, Igor"]
[Black "Schmitt, Andre"]
[Result "0-1"]
[WhiteElo "2020"]
[BlackElo "2301"]
[PlyCount "128"]

1. e4 c5 2. Nf3 Nc6 3. d4 cxd4 4. Nxd4 Nf6 5. Nc3 d6 6. Bc4 Bd7 7. O-O g6 8.
Be3 Bg7 9. Bb3 O-O 10. h3 Nxd4 11. Bxd4 Bc6 12. Qd3 a5 13. a4 Nd7 14. Bxg7 Kxg7
15. Rad1 Kg8 16. Qe3 Qb6 17. Qg5 Rae8 18. Rd2 Nc5 19. Qe3 Qc7 20. Qd4 Nxb3 21.
cxb3 Rd8 22. Rc1 Qd7 23. Qc4 Rc8 24. Rcc2 Qe6 25. Qxe6 fxe6 26. f3 Kg7 27. Kf2
Ra8 28. Ke3 Ra6 29. Ne2 e5 30. Rc3 Rb6 31. Rd1 Kf6 32. Rdd3 Bd7 33. Kd2 Bc6 34.
Ke3 Rd8 35. f4 Rb4 36. fxe5+ Kxe5 37. Rd4 Rxd4 38. Nxd4 Bxe4 39. Rc7 e6 40. g4
Rh8 41. Re7 Bd5 42. h4 Rf8 43. Rxh7 Rf4 44. Ne2 Rxg4 45. h5 g5 46. h6 Rh4 47.
Nc3 b6 48. Rh8 Bxb3 49. h7 Bc2 50. Rg8 Bxh7 51. Rxg5+ Bf5 52. Rg2 d5 53. Kd2 d4
54. Nb5 Kd5 55. Re2 Rh7 56. Rf2 Be4 57. b3 Rg7 58. Rf8 Rg2+ 59. Ke1 d3 60. Rd8+
Kc5 61. Rc8+ Kd5 62. Rd8+ Ke5 63. Rd4 Rb2 64. Rd8 Rxb3 0-1

[Event "Cappelle-la-Grande 2014"]
[Site "Cappelle-la-Grande (FRA)"]
[Date "????.??.??"]
[Round "4.13"]
[White "Vishnu Prasanna. V"]
[Black "Spraggett, Kevin"]
[Result "1/2-1/2"]
[WhiteElo "2462"]
[BlackElo "2557"]
[PlyCount "57"]

1. e4 c5 2. Nf3 e6 3. d4 cxd4 4. Nxd4 a6 5. Bd3 Nf6 6. O-O d6 7. c4 Nbd7 8. Nc3
Be7 9. Kh1 O-O 10. f4 g6 11. Nf3 Qc7 12. Qe2 Re8 13. Bd2 b6 14. e5 Nh5 15. Rae1
Bb7 16. f5 dxe5 17. fxe6 fxe6 18. Be4 Bxe4 19. Qxe4 Bf6 20. Qg4 Nc5 21. Ne4
Nxe4 22. Qxe4 Rac8 23. b3 b5 24. cxb5 axb5 25. Nxe5 Qc2 26. Bh6 Qxe4 27. Rxe4
Bh8 28. Nd7 Red8 29. g4 1/2-1/2

[Event "Cappelle-la-Grande 2014"]
[Site "Cappelle-la-Grande (FRA)"]
[Date "????.??.??"]
[Round "4.14"]
[White "Drasko, Milan"]
[Black "Brodsky, Michail"]
[Result "1/2-1/2"]
[WhiteElo "2460"]
[BlackElo "2554"]
[PlyCount "40"]

1. Nf3 c5 2. g3 g6 3. Bg2 Bg7 4. c4 Nc6 5. O-O e6 6. Nc3 Nge7 7. e3 O-O 8. d4
cxd4 9. Nxd4 d5 10. cxd5 Nxd4 11. exd4 Nxd5 12. Nxd5 exd5 13. Qb3 Be6 14. Qxb7
Bxd4 15. Bf4 Qb6 16. Qxb6 axb6 17. Rad1 Bxb2 18. Bxd5 Bxd5 19. Rxd5 Rxa2 20.
Be3 Ra1 1/2-1/2

[Event "Cappelle-la-Grande 2014"]
[Site "Cappelle-la-Grande (FRA)"]
[Date "????.??.??"]
[Round "4.15"]
[White "Kharitonov, Alexandr"]
[Black "Barbosa, Evandro Amorim"]
[Result "1/2-1/2"]
[WhiteElo "2554"]
[BlackElo "2459"]
[PlyCount "43"]

1. d4 Nf6 2. c4 g6 3. g3 c5 4. Nf3 Bg7 5. Bg2 cxd4 6. Nxd4 O-O 7. O-O Nc6 8.
Nc3 Ng4 9. e3 d6 10. b3 Nxd4 11. exd4 Nh6 12. Bb2 Nf5 13. Nd5 Rb8 14. a4 Bd7
15. b4 Bc6 16. b5 Bxd5 17. Bxd5 e6 18. Be4 Qf6 19. Bxf5 Qxf5 20. Rc1 Rbc8 21.
Qe2 Rfd8 22. Rfd1 1/2-1/2

[Event "Cappelle-la-Grande 2014"]
[Site "Cappelle-la-Grande (FRA)"]
[Date "????.??.??"]
[Round "4.16"]
[White "Dumitrache, Dragos-Nicolae"]
[Black "Maze, Sebastien"]
[Result "0-1"]
[WhiteElo "2453"]
[BlackElo "2545"]
[PlyCount "66"]

1. d4 Nf6 2. c4 g6 3. Nc3 Bg7 4. Nf3 O-O 5. Bf4 d6 6. h3 Nc6 7. e3 Nd7 8. d5
Nce5 9. Be2 Nxf3+ 10. Bxf3 Nb6 11. Qd3 e5 12. Bh2 f5 13. e4 Nd7 14. Qe2 a5 15.
O-O-O Nc5 16. Kb1 Qf6 17. Bg1 a4 18. h4 h5 19. Rf1 Bd7 20. Qe3 Kh7 21. Bd1 Bh6
22. Qe2 Nxe4 23. Nxe4 fxe4 24. Bc2 a3 25. Bxe4 axb2 26. f3 Bf5 27. Be3 Bxe3 28.
Qxe3 Ra4 29. g4 hxg4 30. h5 Bxe4+ 31. fxe4 Qxf1+ 32. Rxf1 Rxf1+ 33. Kxb2 Rb4+
0-1

[Event "Cappelle-la-Grande 2014"]
[Site "Cappelle-la-Grande (FRA)"]
[Date "????.??.??"]
[Round "4.17"]
[White "Heberla, Bartlomiej"]
[Black "Haub, Thorsten Michael"]
[Result "1-0"]
[WhiteElo "2544"]
[BlackElo "2449"]
[PlyCount "111"]

1. c4 f5 2. g3 Nf6 3. Bg2 g6 4. Nf3 Bg7 5. O-O O-O 6. Nc3 d6 7. d3 Nc6 8. Rb1
a5 9. a3 e5 10. b4 axb4 11. axb4 h6 12. b5 Ne7 13. c5 Be6 14. b6 c6 15. Na4 Bd5
16. cxd6 Qxd6 17. Bb2 Nd7 18. e4 Be6 19. Qc2 Qb4 20. Nc3 Qxb6 21. Ba3 Qd8 22.
Bxe7 Qxe7 23. Nh4 Qf6 24. Rxb7 f4 25. Na4 Rfc8 26. Rxd7 Bxd7 27. Nb6 Be8 28.
Nxc8 Rxc8 29. Bh3 Rd8 30. Nf3 Qd6 31. Rd1 fxg3 32. hxg3 Bf7 33. Kg2 Ra8 34. Rc1
Ra6 35. Qc3 Kh7 36. Bg4 Bf6 37. Bc8 Rb6 38. Qc5 Qc7 39. Bd7 Kg7 40. Bxc6 Rb2
41. Bd5 Qxc5 42. Rxc5 Bd8 43. Nxe5 Bb6 44. Rc6 Bxd5 45. exd5 Rxf2+ 46. Kh3 Rf5
47. Nxg6 Be3 48. Ne7 Re5 49. Re6 Rh5+ 50. Kg2 Bc5 51. g4 Rg5 52. Nf5+ Kf8 53.
d6 Rxg4+ 54. Kf3 Rg8 55. d7 Kf7 56. Rc6 1-0

[Event "Cappelle-la-Grande 2014"]
[Site "Cappelle-la-Grande (FRA)"]
[Date "????.??.??"]
[Round "4.18"]
[White "Negi, Parimarjan"]
[Black "Justo, Damian"]
[Result "1-0"]
[WhiteElo "2638"]
[BlackElo "2315"]
[PlyCount "119"]

1. e4 e6 2. d4 d5 3. Nc3 Bb4 4. e5 c5 5. a3 Bxc3+ 6. bxc3 Ne7 7. Qg4 O-O 8. Bd3
Nbc6 9. Qh4 Ng6 10. Nf3 Qc7 11. Be3 c4 12. Bxg6 fxg6 13. Qg4 Bd7 14. h4 Rf5 15.
h5 gxh5 16. Rxh5 Rxh5 17. Qxh5 Be8 18. Qh3 Nd8 19. Kd2 Bg6 20. Rh1 Qf7 21. g4
h6 22. Nh4 Nc6 23. f4 Ne7 24. Rf1 Rf8 25. f5 exf5 26. g5 h5 27. Ng2 f4 28. Nxf4
Bf5 29. Qxh5 Qxh5 30. Nxh5 Ng6 31. Rb1 b6 32. Nf4 Nxf4 33. Bxf4 Be6 34. Ke3 g6
35. a4 Rb8 36. Kf2 a6 37. Bc1 Bd7 38. a5 Rf8+ 39. Kg3 b5 40. Ba3 Rf7 41. e6
Bxe6 42. Re1 Bd7 43. Be7 Bf5 44. Bf6 Be4 45. Kf4 Rh7 46. Re3 Kf7 47. Ke5 Rh4
48. Kd6 Rh2 49. Kd7 Rxc2 50. Be7 Rd2 51. Bb4 Rg2 52. Kc7 Ke6 53. Kb7 Kd7 54.
Rh3 Rb2 55. Rh7+ Ke6 56. Kxa6 Kf5 57. Kxb5 Kxg5 58. a6 Ra2 59. a7 Bc2 60. Kb6
1-0

[Event "Cappelle-la-Grande 2014"]
[Site "Cappelle-la-Grande (FRA)"]
[Date "????.??.??"]
[Round "4.19"]
[White "Azarov, Sergei"]
[Black "Leenhouts, Koen"]
[Result "1/2-1/2"]
[WhiteElo "2603"]
[BlackElo "2391"]
[PlyCount "40"]

1. e4 e5 2. Nf3 Nc6 3. d4 exd4 4. Nxd4 Nf6 5. Nxc6 bxc6 6. e5 Qe7 7. Qe2 Nd5 8.
c4 Ba6 9. Nd2 g6 10. Nf3 Bg7 11. Qc2 Nb4 12. Qa4 Bb7 13. a3 Na6 14. Be2 Nc5 15.
Qc2 Ne6 16. O-O c5 17. Be3 O-O 18. b4 Rab8 19. bxc5 Bxf3 20. Bxf3 Bxe5 1/2-1/2

[Event "Cappelle-la-Grande 2014"]
[Site "Cappelle-la-Grande (FRA)"]
[Date "????.??.??"]
[Round "4.20"]
[White "Rambaldi, Francesco"]
[Black "Kravtsiv, Martyn"]
[Result "1/2-1/2"]
[WhiteElo "2388"]
[BlackElo "2601"]
[PlyCount "49"]

1. d4 d5 2. c4 e6 3. Nc3 Be7 4. cxd5 exd5 5. Qc2 Nc6 6. Bf4 Bd6 7. Bxd6 Qxd6 8.
e3 Nge7 9. a3 Bf5 10. Bd3 Bxd3 11. Qxd3 O-O 12. Nf3 Na5 13. O-O Nc4 14. b3 Nb6
15. b4 a6 16. Rfe1 Ng6 17. h4 Rfe8 18. h5 Nf8 19. e4 Qh6 20. Nxd5 Nxd5 21. exd5
Qxh5 22. Qc4 Ng6 23. Qxc7 Qxd5 24. Qc5 Qd7 25. Ne5 1/2-1/2

[Event "Cappelle-la-Grande 2014"]
[Site "Cappelle-la-Grande (FRA)"]
[Date "????.??.??"]
[Round "4.21"]
[White "Bujisho, Benjamin"]
[Black "Vorobiov, Evgeny E"]
[Result "0-1"]
[WhiteElo "2376"]
[BlackElo "2590"]
[PlyCount "74"]

1. e4 c5 2. Nf3 Nc6 3. Bb5 e6 4. O-O Nge7 5. Nc3 a6 6. Bxc6 Nxc6 7. d4 cxd4 8.
Nxd4 Be7 9. Nxc6 bxc6 10. e5 O-O 11. Ne4 c5 12. Nd6 Qc7 13. b3 Bxd6 14. Qxd6
Qxd6 15. exd6 Bb7 16. f3 f6 17. Rd1 Kf7 18. Rd3 Rac8 19. Rb1 e5 20. Bd2 Rfe8
21. Re1 c4 22. Rc3 cxb3 23. cxb3 Rxc3 24. Bxc3 Rc8 25. Re3 Ke6 26. Bb4 Rc2 27.
a3 g5 28. Rc3 Rxc3 29. Bxc3 Kxd6 30. Kf2 h5 31. g3 g4 32. f4 Ke6 33. fxe5 fxe5
34. b4 Bc6 35. Bd2 d5 36. Bh6 d4 37. Bg7 Kd5 0-1

[Event "Cappelle-la-Grande 2014"]
[Site "Cappelle-la-Grande (FRA)"]
[Date "????.??.??"]
[Round "4.22"]
[White "Vazquez Igarza, Renier"]
[Black "Ivanov, Mikhail M"]
[Result "1-0"]
[WhiteElo "2577"]
[BlackElo "2367"]
[PlyCount "145"]

1. Nf3 d5 2. d4 c6 3. c4 Nf6 4. Nc3 a6 5. a4 e6 6. Bg5 a5 7. e3 Be7 8. Be2 O-O
9. Rc1 Na6 10. O-O Nb4 11. Qb3 dxc4 12. Bxc4 Nfd5 13. Bxe7 Qxe7 14. Ne5 Bd7 15.
Be2 Rfd8 16. Ne4 Be8 17. Rfd1 f6 18. Nf3 Bf7 19. Qa3 Bh5 20. Ng3 Bg6 21. e4 Nf4
22. Bc4 Bf7 23. Qe3 Ng6 24. h4 h6 25. Bb3 Qc7 26. Ne2 Re8 27. h5 Nf8 28. Nf4
Rad8 29. e5 f5 30. Nd2 Nd7 31. Nb1 Nb6 32. Nc3 Qe7 33. g3 Qg5 34. Qf3 Kh7 35.
Kg2 Rd7 36. Nce2 N4d5 37. Rc5 Ra8 38. Kg1 Nc7 39. Kh2 Ncd5 40. Kg2 Nc7 41. Ng1
Ncd5 42. Ngh3 Qd8 43. Bxd5 Nxd5 44. Nxd5 Rxd5 45. Rxd5 Qxd5 46. Qxd5 cxd5 47.
Rc1 Bxh5 48. Nf4 Bf7 49. Rc7 Kg8 50. Rxb7 Rc8 51. b4 Rc4 52. Rb8+ Kh7 53. Rb7
Kg8 54. bxa5 Rxa4 55. Rb8+ Kh7 56. Rf8 g5 57. Rxf7+ Kg8 58. Re7 gxf4 59. Rxe6
fxg3 60. Kxg3 Rxd4 61. a6 Rg4+ 62. Kf3 Ra4 63. Rxh6 Kg7 64. Rd6 Kf7 65. Ke3
Re4+ 66. Kd3 Ra4 67. Kc3 f4 68. Kb3 Ra1 69. Kb4 Ra2 70. f3 Ra1 71. Kb5 Rb1+ 72.
Kc6 Ra1 73. Kb7 1-0

[Event "Cappelle-la-Grande 2014"]
[Site "Cappelle-la-Grande (FRA)"]
[Date "????.??.??"]
[Round "4.23"]
[White "Shirazi, Kamran"]
[Black "Bachmann, Axel"]
[Result "0-1"]
[WhiteElo "2375"]
[BlackElo "2575"]
[PlyCount "88"]

1. e4 e5 2. Nc3 Nc6 3. f4 exf4 4. d4 Bb4 5. Bxf4 Nf6 6. Bd3 Nxd4 7. Nf3 Bxc3+
8. bxc3 Ne6 9. Bd2 d5 10. exd5 Qxd5 11. O-O O-O 12. c4 Qh5 13. Bc3 Nf4 14. Qd2
Nxd3 15. cxd3 Bf5 16. Nd4 Bg6 17. Rf3 Rad8 18. Raf1 Qc5 19. Qb2 Qb6 20. Qa1 Ng4
21. Kh1 f6 22. Rg3 Ne5 23. c5 Qa6 24. c6 Rfe8 25. cxb7 Qxb7 26. Nf5 Qd5 27. h3
Re6 28. Kh2 Rde8 29. Nh4 Qd6 30. Nf5 Bxf5 31. Rxf5 Ng6 32. Bd4 Re1 33. Qc3 a6
34. Qc4+ Kh8 35. Rd5 Rh1+ 36. Kxh1 Qxg3 37. Qc6 Re1+ 38. Bg1 h6 39. Rd8+ Kh7
40. Re8 Rxe8 41. Qxe8 Qxd3 42. Qc6 Nf4 43. a4 f5 44. Bh2 Qf1+ 0-1

[Event "Cappelle-la-Grande 2014"]
[Site "Cappelle-la-Grande (FRA)"]
[Date "????.??.??"]
[Round "4.24"]
[White "Baryshpolets, Andrey"]
[Black "Godart, Francois"]
[Result "1-0"]
[WhiteElo "2558"]
[BlackElo "2359"]
[PlyCount "89"]

1. d4 Nf6 2. c4 e5 3. dxe5 Ng4 4. Bf4 Nc6 5. Nf3 Bb4+ 6. Nc3 Bxc3+ 7. bxc3 Qe7
8. Qd5 f6 9. exf6 Nxf6 10. Qd3 d6 11. e3 O-O 12. Qc2 Ne5 13. Nxe5 dxe5 14. Bg3
Nd7 15. Bd3 h6 16. O-O Nc5 17. Rfd1 Bg4 18. Bh7+ Kh8 19. Rd5 Be6 20. Rxe5 Nd7
21. Ra5 b6 22. Ra4 Nc5 23. Rb4 a5 24. Rb2 Bxc4 25. Rd1 Rfd8 26. Bg6 Rxd1+ 27.
Qxd1 Qf6 28. Bb1 Na4 29. Qc2 g6 30. Qxa4 Qxc3 31. Rd2 Qxd2 32. Qxc4 Qd1+ 33.
Qf1 Rd8 34. Bxg6 c5 35. Be5+ Kg8 36. f4 b5 37. Be4 b4 38. Qxd1 Rxd1+ 39. Kf2 c4
40. Ke2 Rd7 41. Bf5 Re7 42. Bd6 Re8 43. Bd7 Rd8 44. Be6+ Kh7 45. Bc7 1-0

[Event "Cappelle-la-Grande 2014"]
[Site "Cappelle-la-Grande (FRA)"]
[Date "????.??.??"]
[Round "4.25"]
[White "Eingorn, Vereslav S"]
[Black "Daulyte, Deimante"]
[Result "1/2-1/2"]
[WhiteElo "2556"]
[BlackElo "2357"]
[PlyCount "49"]

1. Nf3 Nf6 2. c4 g6 3. b3 Bg7 4. Bb2 O-O 5. g3 d6 6. Bg2 e5 7. O-O Nc6 8. Nc3
h6 9. Ne1 Be6 10. Nd5 Nd7 11. Nc2 f5 12. f4 Rb8 13. d3 Nd4 14. e3 Nxc2 15. Qxc2
c6 16. Nc3 Nf6 17. Rae1 Qc7 18. Nd1 Nd7 19. e4 Rbe8 20. exf5 Bxf5 21. Ne3 Qb6
22. Kh1 Be6 23. fxe5 dxe5 24. Qe2 Kh7 25. Rxf8 1/2-1/2

[Event "Cappelle-la-Grande 2014"]
[Site "Cappelle-la-Grande (FRA)"]
[Date "????.??.??"]
[Round "4.26"]
[White "Clery, Nicolas"]
[Black "Popovic, Dusan"]
[Result "0-1"]
[WhiteElo "2355"]
[BlackElo "2553"]
[PlyCount "106"]

1. d4 d6 2. Nf3 Nf6 3. c4 g6 4. Nc3 Bg7 5. e4 O-O 6. Be2 e5 7. Be3 exd4 8. Nxd4
Re8 9. f3 c6 10. Bf2 d5 11. exd5 cxd5 12. O-O Nc6 13. c5 Re5 14. Bb5 Bd7 15.
Qa4 Rc8 16. Rfe1 Nh5 17. f4 Rxe1+ 18. Rxe1 a6 19. Nxc6 Bxc6 20. Bxc6 bxc6 21.
g3 a5 22. Bd4 Qc7 23. Nd1 Qa7 24. Nf2 Bxd4 25. Qxd4 Qd7 26. Nd3 Ng7 27. a4 Nf5
28. Qe5 d4 29. Nf2 Ne3 30. Ne4 Ng4 31. Qd6 Qxd6 32. cxd6 Rd8 33. h3 f5 34. Nc5
Nf6 35. Re6 Ne4 36. Nb7 Rd7 37. Nxa5 Nxd6 38. Nb3 d3 39. Kf1 Ne4 40. Rxc6 Rb7
41. Nc5 Rxb2 42. Nxd3 Nxg3+ 43. Ke1 Ra2 44. Ra6 Ne4 45. a5 g5 46. fxg5 Nxg5 47.
Ra7 Nxh3 48. Nb4 Ra3 49. Nd5 f4 50. Rd7 Kf8 51. Rxh7 f3 52. Rh5 f2+ 53. Ke2
Ra2+ 0-1

[Event "Cappelle-la-Grande 2014"]
[Site "Cappelle-la-Grande (FRA)"]
[Date "????.??.??"]
[Round "4.27"]
[White "Djukic, Nikola"]
[Black "Vul, Arkadi Eremeevich"]
[Result "1/2-1/2"]
[WhiteElo "2551"]
[BlackElo "2346"]
[PlyCount "111"]

1. e4 e5 2. Nf3 Nc6 3. Bb5 g6 4. c3 Nge7 5. d4 exd4 6. cxd4 d5 7. exd5 Nxd5 8.
O-O Bg7 9. Re1+ Be6 10. Bg5 Qd6 11. Nc3 O-O 12. Qd2 Nxc3 13. bxc3 a6 14. Be2
Rfe8 15. h3 b5 16. Bf4 Qd8 17. Rad1 Bd5 18. Nh2 Na5 19. Bh6 Bh8 20. Ng4 c6 21.
Bf1 Be6 22. Bg5 f6 23. Bf4 Ra7 24. Bd3 Rae7 25. f3 Bc4 26. Nf2 Bxd3 27. Nxd3
Nc4 28. Qf2 a5 29. Nc5 Bg7 30. a4 Qd5 31. Re4 Bf8 32. Rxe7 Rxe7 33. Ne4 Re6 34.
Qc2 Kg7 35. h4 h6 36. Kh2 f5 37. Nc5 Re8 38. Qc1 Bd6 39. Kh3 Bxf4 40. Qxf4 Re7
41. Rb1 Qd6 42. Qxd6 Nxd6 43. d5 Re5 44. axb5 cxb5 45. Ne6+ Kf6 46. Nc7 a4 47.
Nxb5 Rxd5 48. Nd4 Rc5 49. Rb6 Ke7 50. Ra6 Rxc3 51. Rxa4 Rc4 52. Rxc4 Nxc4 53.
h5 Kf6 54. hxg6 Kxg6 55. Kg3 Ne3 56. Ne6 1/2-1/2

[Event "Cappelle-la-Grande 2014"]
[Site "Cappelle-la-Grande (FRA)"]
[Date "????.??.??"]
[Round "4.28"]
[White "Solomon, Kenny"]
[Black "Szabo, Gergely-Andras-Gyul"]
[Result "1/2-1/2"]
[WhiteElo "2350"]
[BlackElo "2551"]
[PlyCount "46"]

1. d4 Nf6 2. c4 c5 3. d5 e5 4. Nc3 d6 5. e4 Be7 6. Bd3 O-O 7. Nge2 Nh5 8. O-O
a6 9. Be3 g6 10. Qd2 Nd7 11. a3 Ng7 12. Bh6 Nf6 13. f3 Kh8 14. b4 b6 15. Rab1
Ng8 16. Be3 f5 17. bxc5 bxc5 18. exf5 Nxf5 19. Bxf5 Bxf5 20. Ne4 Bxe4 21. fxe4
Qd7 22. Rxf8 Rxf8 23. Nc3 Bd8 1/2-1/2